Building services handbook.
| Main Author: | |
|---|---|
| Other Authors: | |
| Format: | Book |
| Published: |
Oxford:
Butterworth-Heinemann,
2011.
|
| Edition: | 6th ed. |
| Subjects: |
| LEADER | 00540cam a2200181 7i4500 | ||
|---|---|---|---|
| 001 | 0000029771 | ||
| 005 | 20150112090000.0 | ||
| 020 | 0 | 0 | |a 9780080969824 |
| 090 | 0 | 0 | |a I 690 |b HAL |
| 100 | 1 | 0 | |a Hall |
| 245 | 1 | 0 | |a Building services handbook. |
| 250 | 0 | 0 | |a 6th ed. |
| 260 | 0 | 0 | |a Oxford: |b Butterworth-Heinemann, |c 2011. |
| 300 | # | # | |a 694 p. |
| 650 | 0 | 0 | |a Building services -- |x Handbooks, manuals, etc |
| 650 | 0 | 0 | |a Building services -- |x Environment engineering |
| 700 | 1 | 0 | |a Greeno, |h Roger |
| 999 | |a 0000032331 |b Book |c Services |e Business Information Centre | ||


